Healthy mind, healthy body: (Record no. 179163)

MARC details
000 -LEADER
fixed length control field 00597nam a22001937a 4500
005 - DATE AND TIME OF LATEST TRANSACTION
control field 20210527154322.0
010 ## - LCCN (DPL NO)
LC control number B-739943
020 ## - INTERNATIONAL STANDARD BOOK NUMBER
International Standard Book Number 8171208002
Terms of availability 40.00
035 ## - SYSTEM CONTROL NUMBER
System control number B-739943
037 ## - SOURCE OF ACQUISITION
Source of stock number/acquisition Gift
082 ## - DEWEY DECIMAL CLASSIFICATION NUMBER
Classification number 613.6
100 ## - MAIN ENTRY--PERSONAL NAME
Personal name Vedanta Kesari
245 ## - TITLE STATEMENT
Title Healthy mind, healthy body:
Remainder of title new thoughts on health /
Statement of responsibility, etc by Vedanta Kesari
260 ## - PUBLICATION, DISTRIBUTION, ETC. (IMPRINT)
Place of publication, distribution, etc Chennai
Name of publisher, distributor, etc Shri Ramakrishna Math
270 ## - ADDRESS
Address Mylapore
City Chennai
Postal code 600004
300 ## - PHYSICAL DESCRIPTION
Extent 231p.
Dimensions 17cm(pbk)
942 ## - ADDED ENTRY ELEMENTS (KOHA)
Source of classification or shelving scheme Dewey Decimal Classification
Item type English Books
Call number suffix VED
Classification part 613.6
Holdings
Withdrawn status Lost status Not for loan Collection code Home library Current library Date acquired Source of acquisition Cost, normal purchase price Full call number Barcode Copy number Cost, replacement price Koha item type Public note
      Non-fiction Ashok Vihar Ashok Vihar 27/05/2021 613.6 40.00 613.6 VED B-739943 1 40.00 English Books Gift

© Delhi Public Library
Hit Counter
free hit counter